Stratigraphy of middle Tertiary rocks in part of west-central Florida / (Record no. 29372)

MARC details
000 -LEADER
fixed length control field 01127cam a22003131a 4500
001 - CONTROL NUMBER
control field gs 59000231
003 - CONTROL NUMBER IDENTIFIER
control field DLC
005 - DATE AND TIME OF LATEST TRANSACTION
control field 20260227111408.0
008 - FIXED-LENGTH DATA ELEMENTS--GENERAL INFORMATION
fixed length control field 780722s1956 dcuab b f000 0 eng
010 ## - LIBRARY OF CONGRESS CONTROL NUMBER
LC control number gs 59000231
035 ## - SYSTEM CONTROL NUMBER
System control number (OCoLC)4075187
040 ## - CATALOGING SOURCE
Original cataloging agency DLC
Transcribing agency OClU
Modifying agency DNAL
-- DLC
050 00 - LIBRARY OF CONGRESS CALL NUMBER
Classification number QE75
Item number .B9 no. 1092
051 ## - LIBRARY OF CONGRESS COPY, ISSUE, OFFPRINT STATEMENT
Classification number QE691
Item number .C3
070 0# - NATIONAL AGRICULTURAL LIBRARY CALL NUMBER
Classification number 407
Item number G29B no.1092
072 0# - SUBJECT CATEGORY CODE
Subject category code X400
100 1# - MAIN ENTRY--PERSONAL NAME
Personal name Carr, Wilfred James,
Dates associated with a name 1926-
245 10 - TITLE STATEMENT
Title Stratigraphy of middle Tertiary rocks in part of west-central Florida /
Statement of responsibility, etc. by Wilfred J. Carr and Douglas C. Alverson.
260 ## - PUBLICATION, DISTRIBUTION, ETC.
Place of publication, distribution, etc. Washington, [D.C.] :
Name of publisher, distributor, etc. U.S. G.P.O.,
Date of publication, distribution, etc. 1956.
300 ## - PHYSICAL DESCRIPTION
Extent iv, 112 p. :
Other physical details ill., maps ;
Dimensions 24 cm.
440 #0 - SERIES STATEMENT/ADDED ENTRY--TITLE
Title Geological Survey bulletin ;
Volume/sequential designation 1092
500 ## - GENERAL NOTE
General note This report concerns work done on behalf of the U.S. Atomic Energy Commission and is published with the permission of the Commission.
500 ## - GENERAL NOTE
General note Three folded maps in pocket.
504 ## - BIBLIOGRAPHY, ETC. NOTE
Bibliography, etc. note Bibliography: p. 69-71.
650 #0 - SUBJECT ADDED ENTRY--TOPICAL TERM
Topical term or geographic name entry element Geology
Geographic subdivision Florida.
650 #0 - SUBJECT ADDED ENTRY--TOPICAL TERM
Topical term or geographic name entry element Geology, Stratigraphic
Chronological subdivision Tertiary.
650 #0 - SUBJECT ADDED ENTRY--TOPICAL TERM
Topical term or geographic name entry element Borings
Geographic subdivision Florida.
700 1# - ADDED ENTRY--PERSONAL NAME
Personal name Alverson, Douglas C.,
Dates associated with a name 1931-

No items available.

Powered by Koha